Bibljografja prac Jana Ptaśnika

Titel: Bibljografja prac Jana Ptaśnika
In: Kwartalnik historyczny, Band 44, Heft 2 (1930), Seite I-LXXXVII
alle Artikel anzeigen
Veröffentlicht: [1930]
Format: Aufsatz
Sprache: Polnisch
Kein Bild verfügbar
X
Lokale Klassifikation: 32 1 C
alg: 17235959
001A    $03004:08-03-06 
001B    $06050:13-04-10 $t12:23:37.000 
001D    $03004:08-03-06 
001U    $0utf8 
001X    $00 
002@    $0Aou 
003@    $0172359597 
010@    $apol 
011@    $a1930 $n[1930] 
021A    $aBibljografja prac Jana Ptaśnika 
031A    $d44 $e2 $hI-LXXXVII $j1930 
039B    $aIn $8--Abvc--. Kwartalnik historyczny. - [Polnische Ausgabe]. - Warszawa : Instytut Historii im. Tadeusza Manteuffla Polskiej Akademii Nauk, 1887-. - ISSN 0023-5903 $x193000000440002999 $9047337249 
045T    $a7,41 $a8 

lok: 17235959 24
101B    $008-03-06 $t10:51:59.000 
101C    $014-12-05 
145Z/01 $a32 1 C 
101U    $0utf8 

exp: 17235959 24 1 #EPN
201B/01 $008-03-06 $t10:51:59.000 
201C/01 $014-12-05 
203@/01 $0328091952 
208@/01 $a14-12-05 $br 
209A/01 $a32 I C 38 $du $f050 $h32 1 C 38 $x00 
209G/01 $a71213641 $x00 
220C/01 $aost 
247C/01 $8358050-7 Marburg, Bibliothek des Herder-Instituts Marburg $9102600961 
201U/01 $0utf8
LEADER 00000caa a2200000 c 4500
001 172359597
003 DE-603
005 20100413122337.0
007 tu
008 060308s1930 xx |||| | u00||u|pol c
035 |a (DE-599)HEB172359597 
040 |a DE-603  |b ger  |c DE-603  |d DE-603 
041 |a pol 
084 |a 7,41  |a 8  |2 ssgn 
245 0 0 |a Bibljografja prac Jana Ptaśnika 
264 0 |c [1930] 
773 0 8 |i In  |t Kwartalnik historyczny  |b [Polnische Ausgabe]  |d Warszawa : Instytut Historii im. Tadeusza Manteuffla Polskiej Akademii Nauk, 1887-  |x 0023-5903  |g Band 44, Heft 2 (1930), Seite I-LXXXVII  |w (DE-603)047337249  |w (DE-600)214711-7 
924 0 |9 Mb 50  |a (DE-603)328091952  |b DE-Mb50  |c HES  |d c  |g 32 I C 38